F1 Track's winners - #1 - Statistics

General Stats
  • This quiz has been taken 974 times
  • The average score is 7 of 12
Answer Stats
Track Races Driver % Correct
Shanghai 2 Lewis Hamilton
92%
Albert Park 4 Michael Schumacher
86%
Valencia Street 2 Sebastian Vettel
85%
Bahrain 3 Fernando Alonso
81%
Osterreichring 3 Alain Prost
73%
Buenos Aires 4 Juan Manuel Fangio
66%
Kyalami 3 Niki Lauda
60%
Zandvoort 4 Jim Clark
42%
Pescara 1 Stirling Moss
30%
Le Mans (Bugatti) 1 Jack Brabham
24%
AVUS 1 Tony Brooks
11%
Rouen 2 Dan Gurney
4%
No matching quizzes found
Score Distribution
Percent of People with Each Score
Percentile by Number Answered
Your Score History
You have not taken this quiz